Ergonomia interpretando a NR-17. Manual Tčnico e Prt̀ico para a Interpretaȯ̂ da Norma Regulamentadora n. 17

Detalles Bibliográficos
Autor principal: Pinto da Silva, Alexandre
Formato: Microfilme Libro
Lenguaje:portugués
Publicado: Brasil LTR 2016
Materias:
Acceso en línea:Acceso restringido

MARC

LEADER 00000nam a22000007a 4500
005 20160613120435.0
007 hz|||| ||u|
008 160613s2016 bl ||||| |||| 00||0 por d
020 |a 978-85-361-8778-5 
035 |a 1431 
040 |a vLex 
090 |c 6185  |d 6185 
100 1 |a Pinto da Silva, Alexandre  
245 1 0 |a Ergonomia interpretando a NR-17. Manual Tčnico e Prt̀ico para a Interpretaȯ̂ da Norma Regulamentadora n. 17  |h [Recurso electrn̤ico] /  |c Alexandre Pinto da Silva 
256 |a Servicio en ln̕ea  
260 |a Brasil  |b LTR  |c 2016 
300 |a 1 recurso electrn̤ico 2a (2a ediȯ̂ 176 pg̀s) 
506 1 |a Contenido solo disponible en los productos indicados  |d vLex Global  |d vLex Global (Academic Edition, excluding Law Schools)  |d vLex Global (U.S. Academic Edition, Law Schools)  |d vLex Global (U.S. Academic Edition, excluding Law Schools)  |d vLex Global (Academic Edition, Law Schools) 
650 0 4 |a Derecho  |z Brasil 
740 0 |a vLex libros (servicio en ln̕ea)  
856 4 0 |u http://vlex.com/source/ergonomia-interpretando-nr-17-14311  |z Acceso restringido 
942 |c BOOK 
999 0 |a Law  |b Brasil